| Tag |
First Indicator |
Second Indicator |
Subfields |
| LEADER |
00000cam a2200000 a 4500 |
| 001 |
in00000086267 |
| 005 |
20151008062629.0 |
| 008 |
801112s1980 uy b f00100 spam |
| 010 |
|
|
|a 80127375
|
| 020 |
|
|
|a 8482900056
|
| 035 |
|
|
|a (OCoLC)07177624
|
| 035 |
|
|
|9 AAK0626AM
|
| 040 |
|
|
|a DLC
|c DLC
|d m.c.
|d TXA
|d UtOrBLW
|
| 043 |
|
|
|a s-uy---
|
| 049 |
|
|
|a TXAM
|c [1197086]
|
| 050 |
0 |
0 |
|a Z7164 C5
|b B52
|
| 245 |
0 |
0 |
|a Bibliografia uruguaya sobre el nino, 1952-1979 /
|c compilada por Martha Levrero de Kenny [and others].
|
| 264 |
|
1 |
|a Montevideo :
|b Biblioteca Nacional,
|c 1979 [i.e. 1980]
|
| 300 |
|
|
|a approximately 150 pages ;
|c 28 cm.
|
| 336 |
|
|
|a text
|b txt
|2 rdacontent
|
| 337 |
|
|
|a unmediated
|b n
|2 rdamedia
|
| 338 |
|
|
|a volume
|b nc
|2 rdacarrier
|
| 500 |
|
|
|a "Ano internacional del nino, Biblioteca Nacional."
|
| 500 |
|
|
|a Includes indexes.
|
| 650 |
|
0 |
|a Children
|z Uruguay
|x Bibliography.
|
| 650 |
|
0 |
|a Children's rights
|z Uruguay
|x Bibliography.
|
| 650 |
|
0 |
|a Child welfare
|z Uruguay
|x Bibliography.
|
| 700 |
1 |
|
|a Levrero de Kenny, Martha.
|
| 710 |
2 |
|
|a Biblioteca Nacional (Uruguay)
|
| 999 |
|
|
|a MARS
|
| 999 |
f |
f |
|s 15aa44ff-8011-3737-835c-365051a51c5a
|i a7300a07-a449-3f52-9663-00fe57fb1c18
|t 0
|
| 952 |
f |
f |
|p ric
|a Texas A&M University
|b Rellis Campus
|c Joint Library Facility
|d Remote Storage
|t 0
|e Z7164 C5 B52
|h Library of Congress classification
|i unmediated -- volume
|m A14842632839
|
| 998 |
f |
f |
|a Z7164 C5 B52
|t 0
|l Remote Storage
|